[Event "Ruhrgebiet Verbandsliga Gruppe 1 1718"]
[Site "Germany"]
[Date "2017.10.08"]
[Round "2.7"]
[White "Schuetz, Ralf"]
[Black "Franck, Rudolf"]
[Result "1/2-1/2"]
[WhiteElo "1813"]
[BlackElo "1968"]
[PlyCount "49"]
[EventDate "2017.09.17"]
[EventType "team-tourn"]
[EventRounds "9"]
[EventCountry "GER"]
[SourceTitle "EXT 2022"]
[Source "ChessBase"]
[SourceDate "2021.10.06"]
[SourceVersion "1"]
[SourceVersionDate "2021.10.06"]
[SourceQuality "1"]
[WhiteTeam "Boenen SV"]
[BlackTeam "Bottrop SV"]
[WhiteTeamCountry "GER"]
[BlackTeamCountry "GER"]

1. c4 Nf6 2. Nc3 e5 3. e3 c5 4. Nf3 Nc6 5. d3 h6 6. Be2 Be7 7. Nd5 Bd6 8. 0-0 0-0 9. Nxf6+ Qxf6 10. Nd2 Qe7 11. Ne4 Bc7 12. g4 d6 13. Ng3 Qh4 14. e4 Nd4 15. f3 g6 16. Qd2 Kh7 17. Bd1 f5 18. Rf2 fxg4 19. fxg4 Be6 20. Nf1 Ba5 21. Qe3 Qxf2+ 22. Qxf2 Rxf2 23. Kxf2 Rf8+ 24. Kg2 Bd7 25. h3 1/2-1/2

[Event "Ruhrgebiet Verbandsliga Gruppe 1 1617"]
[Site "Germany"]
[Date "2016.12.18"]
[Round "5.7"]
[White "Schacht, Juergen"]
[Black "Franck, Rudolf"]
[Result "0-1"]
[WhiteElo "1493"]
[BlackElo "1978"]
[PlyCount "50"]
[EventDate "2016.09.04"]
[EventType "team-tourn"]
[EventRounds "9"]
[EventCountry "GER"]
[SourceTitle "EXT 2022"]
[Source "ChessBase"]
[SourceDate "2021.10.06"]
[SourceVersion "1"]
[SourceVersionDate "2021.10.06"]
[SourceQuality "1"]
[WhiteTeam "Eving SV Rochade"]
[BlackTeam "Bottrop SV"]
[WhiteTeamCountry "GER"]
[BlackTeamCountry "GER"]

1. d4 d5 2. Nf3 Bf5 3. c4 e6 4. Nc3 Nf6 5. Bg5 Be7 6. e3 0-0 7. cxd5 exd5 8. Bd3 Bxd3 9. Qxd3 c6 10. 0-0 Na6 11. a3 Nc7 12. Rac1 Ne4 13. Bxe7 Qxe7 14. Na4 Ne6 15. b4 Nd6 16. Nc5 a5 17. Rb1 axb4 18. Rxb4 Nxc5 19. dxc5 Ne4 20. Rc1 Nxc5 21. Qd4 Rxa3 22. Rcb1 Rfa8 23. Ne5 Ne6 24. Qb6 Nd8 25. g3 Qxe5 0-1

[Event "Ruhrgebiet Verbandsliga Gruppe 1 1617"]
[Site "Germany"]
[Date "2016.09.25"]
[Round "2.6"]
[White "Schmidt, Ralph"]
[Black "Franck, Rudolf"]
[Result "0-1"]
[WhiteElo "1909"]
[BlackElo "1978"]
[PlyCount "58"]
[EventDate "2016.09.04"]
[EventType "team-tourn"]
[EventRounds "9"]
[EventCountry "GER"]
[SourceTitle "EXT 2022"]
[Source "ChessBase"]
[SourceDate "2021.10.06"]
[SourceVersion "1"]
[SourceVersionDate "2021.10.06"]
[SourceQuality "1"]
[WhiteTeam "Bochum-Linden"]
[BlackTeam "Bottrop SV"]
[WhiteTeamCountry "GER"]
[BlackTeamCountry "GER"]

1. e4 e5 2. Nf3 Nf6 3. Nc3 Nc6 4. d3 Bb4 5. Bd2 0-0 6. a3 Bxc3 7. Bxc3 d5 8. exd5 Nxd5 9. Bd2 Qf6 10. Bg5 Qg6 11. Qd2 f6 12. Bh4 e4 13. dxe4 Qxe4+ 14. Qe2 Re8 15. Qxe4 Rxe4+ 16. Kd2 Bg4 17. Bg3 Rd8 18. Bd3 Nf4 19. Ne1 Re2+ 20. Kc3 Nd5+ 21. Kb3 Re7 22. Ka2 Be6 23. b3 Nd4 24. f3 Bf5 25. Bxf5 Nxf5 26. Kb2 Re2 27. Rd1 c6 28. Kc1 Rde8 29. Rd2 Nxg3 0-1

[Event "Hessen-ch Seniors op 12th"]
[Site "Bad Sooden-Allendorf"]
[Date "2016.05.08"]
[Round "9"]
[White "Franck, Rudolf"]
[Black "Lenk, Wolfgang"]
[Result "1/2-1/2"]
[WhiteElo "2153"]
[BlackElo "2192"]
[PlyCount "84"]
[EventDate "2016.04.30"]
[EventType "swiss"]
[EventRounds "9"]
[EventCountry "GER"]
[SourceTitle "EXT 2019"]
[Source "ChessBase"]
[SourceDate "2018.10.10"]
[SourceVersion "1"]
[SourceVersionDate "2018.10.10"]
[SourceQuality "1"]

1. d4 Nf6 2. e3 g6 3. c4 Bg7 4. Nc3 d6 5. Be2 c6 6. Nf3 0-0 7. 0-0 Qc7 8. h3 e5 9. d5 e4 10. Nd2 Re8 11. Qc2 cxd5 12. cxd5 Nxd5 13. Ndxe4 Bf5 14. Qa4 Qd8 15. Nxd6 Nxc3 16. bxc3 Bd7 17. Qb3 Re6 18. Ba3 Nc6 19. Nxb7 Qc7 20. Nc5 Rf6 21. Nxd7 Qxd7 22. Rad1 Qf5 23. Bg4 Qa5 24. Rd5 Qa6 25. c4 Rb8 26. Qd3 h5 27. Bd7 Kh7 28. f4 Nb4 29. Bxb4 Rxb4 30. a3 Rb2 31. c5 Qa5 32. e4 Ra2 33. a4 Qb4 34. Rb1 Rb2 35. Rxb2 Qxb2 36. f5 Qc1+ 37. Qf1 Qe3+ 38. Qf2 Qxe4 39. Qf3 Qb4 40. c6 Rd6 41. Rxd6 Qxd6 42. Kf1 Qd4 1/2-1/2

[Event "Ruhrgebiet Verbandsliga Gruppe 1 1516"]
[Site "Germany"]
[Date "2016.02.21"]
[Round "7.6"]
[White "Canzler, Harald"]
[Black "Franck, Rudolf"]
[Result "1/2-1/2"]
[WhiteElo "1959"]
[BlackElo "1971"]
[PlyCount "43"]
[EventDate "2015.09.06"]
[EventType "team-tourn"]
[EventRounds "9"]
[EventCountry "GER"]
[SourceTitle "EXT 2022"]
[Source "ChessBase"]
[SourceDate "2021.10.06"]
[SourceVersion "1"]
[SourceVersionDate "2021.10.06"]
[SourceQuality "1"]
[WhiteTeam "Dortmund SV"]
[BlackTeam "Bottrop SV"]
[WhiteTeamCountry "GER"]
[BlackTeamCountry "GER"]

1. c4 e5 2. d3 Nf6 3. Nf3 Nc6 4. Nc3 d6 5. g3 Be7 6. Bg2 h6 7. 0-0 Be6 8. Rb1 Qd7 9. b4 0-0 10. b5 Nd8 11. a4 Bh3 12. Nd5 Bxg2 13. Kxg2 c6 14. Nxe7+ Qxe7 15. bxc6 bxc6 16. Ba3 c5 17. Rb5 Nc6 18. e3 e4 19. dxe4 Nxe4 20. Qd3 a5 21. Bb2 Nb4 22. Qe2 1/2-1/2

[Event "Hessen-ch Seniors op 11th"]
[Site "Bad Sooden-Allendorf"]
[Date "2015.05.15"]
[Round "7"]
[White "Kalkmann, Hans"]
[Black "Franck, Rudolf"]
[Result "0-1"]
[WhiteElo "1953"]
[BlackElo "2135"]
[PlyCount "62"]
[EventDate "2015.05.09"]
[EventType "swiss"]
[EventRounds "9"]
[EventCountry "GER"]
[SourceTitle "EXT 2018"]
[Source "ChessBase"]
[SourceDate "2017.10.13"]
[SourceVersion "1"]
[SourceVersionDate "2017.10.13"]
[SourceQuality "1"]

1. d4 d5 2. Nf3 g6 3. g3 Bg7 4. Bg2 Nf6 5. 0-0 0-0 6. b3 Ne4 7. Bb2 c5 8. Nbd2 Nc6 9. e3 Qa5 10. Nxe4 dxe4 11. Ne5 f5 12. Nc4 Qc7 13. dxc5 Rd8 14. Qc1 Be6 15. Na3 Bxb2 16. Qxb2 Qa5 17. Rfd1 Qxc5 18. Bf1 Ne5 19. Kg2 a6 20. Be2 b5 21. Rxd8+ Rxd8 22. Rd1 Rc8 23. Rd2 Nf3 24. Rd1 f4 25. exf4 Qh5 26. h4 Nxh4+ 27. gxh4 Qxe2 28. Qd4 Qf3+ 29. Kg1 Bh3 30. Qd5+ e6 31. Qg5 Qxd1+ 0-1

[Event "Hessen-ch Seniors op 11th"]
[Site "Bad Sooden-Allendorf"]
[Date "2015.05.14"]
[Round "6"]
[White "Franck, Rudolf"]
[Black "Ackermann, Hans Werner"]
[Result "0-1"]
[WhiteElo "2135"]
[BlackElo "2260"]
[PlyCount "83"]
[EventDate "2015.05.09"]
[EventType "swiss"]
[EventRounds "9"]
[EventCountry "GER"]
[SourceTitle "EXT 2018"]
[Source "ChessBase"]
[SourceDate "2017.10.13"]
[SourceVersion "1"]
[SourceVersionDate "2017.10.13"]
[SourceQuality "1"]

1. e4 c5 2. Nf3 a6 3. c4 e6 4. Nc3 Qc7 5. g3 Nc6 6. Bg2 g6 7. 0-0 Bg7 8. d3 Nge7 9. Be3 Nd4 10. Qd2 h6 11. Ne2 Nec6 12. h4 d6 13. Rab1 Bd7 14. Rfc1 Nxf3+ 15. Bxf3 Ne5 16. Bg2 Ng4 17. b4 Nxe3 18. Qxe3 Rb8 19. d4 cxd4 20. Nxd4 0-0 21. c5 Rfc8 22. Nb3 Bb5 23. Nd4 Ba4 24. Nb3 Qe7 25. a3 h5 26. Kh2 Kh7 27. cxd6 Qxd6 28. Rxc8 Rxc8 29. Nc5 Bc6 30. e5 Qxe5 31. Qxe5 Bxe5 32. Nxb7 Bb5 33. Nc5 a5 34. a4 axb4 35. Rxb4 Be8 36. Ne4 Rc2 37. a5 Ra2 38. f4 Ba1 39. Kh3 Kg7 40. Nd6 Ba4 41. Rb7 Bc2 42. Rc7 0-1

[Event "Hessen-ch Seniors op 11th"]
[Site "Bad Sooden-Allendorf"]
[Date "2015.05.11"]
[Round "3"]
[White "Franck, Rudolf"]
[Black "Just, Joachim"]
[Result "1/2-1/2"]
[WhiteElo "2135"]
[BlackElo "1969"]
[PlyCount "120"]
[EventDate "2015.05.09"]
[EventType "swiss"]
[EventRounds "9"]
[EventCountry "GER"]
[SourceTitle "EXT 2018"]
[Source "ChessBase"]
[SourceDate "2017.10.13"]
[SourceVersion "1"]
[SourceVersionDate "2017.10.13"]
[SourceQuality "1"]

1. b3 e5 2. Bb2 Nc6 3. Nf3 d6 4. e4 Nf6 5. Nc3 Be7 6. d4 Bg4 7. dxe5 Nxe5 8. Be2 Bxf3 9. Bxf3 Nxf3+ 10. Qxf3 Qd7 11. 0-0 Qg4 12. Qd3 0-0 13. f3 Qh5 14. g4 Qh4 15. Kh1 Nd7 16. Nd5 Bd8 17. Qc3 Ne5 18. f4 c6 19. Ne3 Bf6 20. Qd2 Nxg4 21. Bxf6 Nxf6 22. Nf5 Qh3 23. Nxd6 Rad8 24. e5 Ne4 25. Qg2 Qxg2+ 26. Kxg2 Nxd6 27. exd6 Rxd6 28. Rae1 Rfd8 29. Re7 R6d7 30. Rfe1 Kf8 31. R7e2 Rd2 32. Kf3 Rxe2 33. Rxe2 Rd6 34. a4 Re6 35. Rg2 f5 36. h4 Kf7 37. Rd2 Ke7 38. Rg2 Kf6 39. h5 g6 40. hxg6 hxg6 41. Rd2 Ke7 42. Rh2 Kf6 43. Rh8 Re7 44. Rb8 Rc7 45. Rf8+ Kg7 46. Rd8 Kf6 47. Rd6+ Kf7 48. c4 c5 49. a5 a6 50. Rb6 Re7 51. Kf2 Kg7 52. Kf3 Kh6 53. Rd6 Kg7 54. Rd5 Rc7 55. Kg3 Re7 56. Kf2 Rc7 57. Kg3 Re7 58. Kf3 Rc7 59. Rd6 Re7 60. Rd8 Rc7 1/2-1/2

[Event "Hessen-ch Seniors op 11th"]
[Site "Bad Sooden-Allendorf"]
[Date "2015.05.09"]
[Round "1"]
[White "Franck, Rudolf"]
[Black "Scholz, Herbert"]
[Result "1-0"]
[WhiteElo "2135"]
[BlackElo "1845"]
[PlyCount "59"]
[EventDate "2015.05.09"]
[EventType "swiss"]
[EventRounds "9"]
[EventCountry "GER"]
[SourceTitle "EXT 2018"]
[Source "ChessBase"]
[SourceDate "2017.10.13"]
[SourceVersion "1"]
[SourceVersionDate "2017.10.13"]
[SourceQuality "1"]

1. d4 Nf6 2. c4 e6 3. a3 c5 4. d5 d6 5. Nc3 e5 6. e4 Bg4 7. f3 Bh5 8. Bd3 h6 9. Be3 g5 10. Nge2 Bg7 11. Qd2 Na6 12. Bc2 Nc7 13. b4 Nd7 14. Ba4 0-0 15. Bxd7 cxb4 16. Bf5 bxc3 17. Qxc3 Bg6 18. Bxg6 fxg6 19. c5 Rc8 20. cxd6 Nxd5 21. Qb3 g4 22. Qxd5+ Kh7 23. 0-0 gxf3 24. Rxf3 Rxf3 25. gxf3 Rc6 26. d7 Rc7 27. Rd1 b5 28. Qf7 Qf6 29. Qxf6 Bxf6 30. d8Q 1-0

[Event "GER-chT Seniors 23rd"]
[Site "Bergen"]
[Date "2014.09.05"]
[Round "6.3"]
[White "Franck, Rudolf"]
[Black "Knaak, Joachim"]
[Result "1/2-1/2"]
[WhiteElo "2143"]
[BlackElo "2133"]
[PlyCount "74"]
[EventDate "2014.09.01"]
[EventType "team-swiss"]
[EventRounds "7"]
[EventCountry "GER"]
[SourceTitle "EXT 2018"]
[Source "ChessBase"]
[SourceDate "2017.10.13"]
[SourceVersion "1"]
[SourceVersionDate "2017.10.13"]
[SourceQuality "1"]

1. d4 d5 2. c4 c6 3. e3 Nf6 4. Nc3 e6 5. a3 Nbd7 6. f4 Ne4 7. Nxe4 dxe4 8. Ne2 f5 9. b4 Nf6 10. Nc3 Be7 11. Be2 0-0 12. Qb3 b6 13. Bb2 Bd7 14. 0-0 Qc7 15. Rfd1 Rfd8 16. Rac1 a5 17. d5 axb4 18. axb4 Kh8 19. dxc6 Qxc6 20. Nb5 Be8 21. Be5 Rxd1+ 22. Rxd1 Rd8 23. Rxd8 Bxd8 24. Qd1 Be7 25. Bd6 Bxd6 26. Nxd6 Kg8 27. c5 bxc5 28. Bb5 Qa8 29. Nxe8 Nxe8 30. Qd7 Nf6 31. Qxe6+ Kf8 32. Qd6+ Kf7 33. Qxc5 Kg6 34. h3 Qa1+ 35. Kh2 Qe1 36. Ba6 h6 37. Bc8 Ng4+ 1/2-1/2

[Event "GER-chT Seniors 23rd"]
[Site "Bergen"]
[Date "2014.09.01"]
[Round "1.2"]
[White "Bartsch, Berthold"]
[Black "Franck, Rudolf"]
[Result "1-0"]
[WhiteElo "2243"]
[BlackElo "2143"]
[PlyCount "51"]
[EventDate "2014.09.01"]
[EventType "team-swiss"]
[EventRounds "7"]
[EventCountry "GER"]
[SourceTitle "EXT 2018"]
[Source "ChessBase"]
[SourceDate "2017.10.13"]
[SourceVersion "1"]
[SourceVersionDate "2017.10.13"]
[SourceQuality "1"]

1. Nc3 Nf6 2. e4 e5 3. Bc4 Bb4 4. d3 0-0 5. Bg5 Nc6 6. Nge2 Na5 7. 0-0 Nxc4 8. dxc4 Be7 9. Ng3 h6 10. Be3 d6 11. Nd5 Ng4 12. Nf5 Bxf5 13. exf5 Nxe3 14. fxe3 Bg5 15. Qf3 c6 16. Nc3 Qb6 17. Rae1 Qxb2 18. Ne4 Bh4 19. f6 Bxf6 20. Nxf6+ gxf6 21. Qg4+ Kh7 22. Qf5+ Kg8 23. Rf3 e4 24. Rg3+ Kh8 25. Qh5 Kh7 26. Rh3 1-0

[Event "Hessen-ch Seniors op 09th"]
[Site "Bad Sooden-Allendorf"]
[Date "2013.04.27"]
[Round "8"]
[White "Franck, Rudolf"]
[Black "Kempen, Willi"]
[Result "1/2-1/2"]
[WhiteElo "2181"]
[BlackElo "2036"]
[PlyCount "61"]
[EventDate "2013.04.20"]
[EventType "swiss"]
[EventRounds "9"]
[EventCountry "GER"]
[SourceTitle "EXT 2019"]
[Source "ChessBase"]
[SourceDate "2018.10.10"]
[SourceVersion "1"]
[SourceVersionDate "2018.10.10"]
[SourceQuality "1"]

1. d4 d5 2. c4 e6 3. Bf4 Bd6 4. Bxd6 cxd6 5. cxd5 Qa5+ 6. Nc3 exd5 7. Qb3 Nf6 8. e3 0-0 9. Qb5 Nc6 10. a3 a6 11. Qb3 Re8 12. Be2 b5 13. Rc1 Bb7 14. Nf3 Rac8 15. 0-0 Ne7 16. a4 b4 17. Na2 Rxc1 18. Rxc1 Nc6 19. Bf1 Nd7 20. Bd3 Nb6 21. Bc2 g6 22. Ra1 Nc4 23. Bd3 Nb6 24. Nc1 Ne7 25. Nd2 Rc8 26. Qd1 Nc4 27. Ndb3 Qc7 28. Qe2 a5 29. Na2 Qb6 30. Rc1 Bc6 31. Bxc4 1/2-1/2

[Event "Hessen-ch Seniors op 09th"]
[Site "Bad Sooden-Allendorf"]
[Date "2013.04.24"]
[Round "5"]
[White "Kotlar, Alfred"]
[Black "Franck, Rudolf"]
[Result "1/2-1/2"]
[WhiteElo "2068"]
[BlackElo "2181"]
[PlyCount "53"]
[EventDate "2013.04.20"]
[EventType "swiss"]
[EventRounds "9"]
[EventCountry "GER"]
[SourceTitle "EXT 2019"]
[Source "ChessBase"]
[SourceDate "2018.10.10"]
[SourceVersion "1"]
[SourceVersionDate "2018.10.10"]
[SourceQuality "1"]

1. d4 d5 2. Nf3 g6 3. Bf4 Bg7 4. c3 Nf6 5. Qc1 h5 6. h3 Nbd7 7. Na3 a6 8. Nc2 Ne4 9. e3 c5 10. Be2 e6 11. Nd2 Nxd2 12. Qxd2 f5 13. h4 Bf6 14. g3 c4 15. b4 b5 16. a4 Bb7 17. f3 Kf7 18. Kf2 Qe7 19. axb5 axb5 20. Rxa8 Rxa8 21. Ra1 Qd8 22. Qe1 Nb6 23. Bf1 Ra4 24. Ke2 Bc6 25. Bg2 Qa8 26. Kd2 Nd7 27. Bd6 1/2-1/2

[Event "GER-chT Seniors 21st"]
[Site "Berlin"]
[Date "2012.09.12"]
[Round "3.46"]
[White "Franck, Rudolf"]
[Black "Alder, Bodo"]
[Result "1/2-1/2"]
[WhiteElo "2064"]
[BlackElo "1952"]
[PlyCount "63"]
[EventDate "2012.09.10"]
[EventType "team-swiss"]
[EventRounds "7"]
[EventCountry "GER"]
[SourceTitle "CBM 150 Extra"]
[Source "ChessBase"]
[SourceDate "2012.10.19"]
[SourceVersion "1"]
[SourceVersionDate "2012.10.19"]
[SourceQuality "1"]
[WhiteTeam "Wuerttemberg Seniors II"]
[BlackTeam "Mecklenburg Vorpommern Seniors"]
[WhiteTeamCountry "GER"]
[BlackTeamCountry "GER"]

1. d4 d5 2. c4 c6 3. e3 Nf6 4. Nc3 e6 5. a3 Nbd7 6. f4 Ne4 7. Nxe4 dxe4 8. Ne2 f5 9. Nc3 Nf6 10. Be2 Be7 11. 0-0 0-0 12. b4 a6 13. Qb3 Kh8 14. a4 Qe8 15. Ba3 Bd7 16. a5 Qf7 17. Na4 Rad8 18. Nb6 Be8 19. c5 Nd5 20. Nc4 g5 21. g3 Qg7 22. Kh1 Bf6 23. Nd6 Rd7 24. Bb2 Bg6 25. Nc4 g4 26. Ne5 Bxe5 27. dxe5 h5 28. Kg2 Kg8 29. Rad1 Rfd8 30. Rd4 Qe7 31. Bc4 Bf7 32. Rfd1 1/2-1/2

[Event "Hessen-ch Seniors op 08th"]
[Site "Bad Sooden-Allendorf"]
[Date "2012.04.17"]
[Round "4"]
[White "Franck, Rudolf"]
[Black "Lueders, Guenter"]
[Result "1-0"]
[WhiteElo "2186"]
[BlackElo "1891"]
[PlyCount "62"]
[EventDate "2012.04.14"]
[EventType "swiss"]
[EventRounds "9"]
[EventCountry "GER"]
[SourceTitle "EXT 2019"]
[Source "ChessBase"]
[SourceDate "2018.10.10"]
[SourceVersion "1"]
[SourceVersionDate "2018.10.10"]
[SourceQuality "1"]

1. d4 d5 2. e3 Nf6 3. c4 e6 4. Nc3 Be7 5. f4 0-0 6. Nf3 c5 7. Ne5 cxd4 8. exd4 dxc4 9. Bxc4 a6 10. Be3 Qc7 11. Bb3 Nc6 12. Rc1 Rd8 13. 0-0 Bc5 14. Na4 Ba7 15. Nc5 Nd5 16. Bxd5 Rxd5 17. Nxa6 Qb6 18. Nc5 Qxb2 19. Rf2 Qb6 20. Na4 Qc7 21. Rfc2 Bxd4 22. Bxd4 Rxa4 23. Rxc6 Raxd4 24. Rxc7 Rxd1+ 25. Rxd1 Rxd1+ 26. Kf2 Rd8 27. Nxf7 Rf8 28. Nd6 Rxf4+ 29. Ke3 Rf8 30. Rxc8 Rxc8 31. Nxc8 Kf8 1-0

[Event "Hessen-ch Seniors op 08th"]
[Site "Bad Sooden-Allendorf"]
[Date "2012.04.16"]
[Round "3"]
[White "Lichtenberg, Friedrich"]
[Black "Franck, Rudolf"]
[Result "0-1"]
[WhiteElo "1920"]
[BlackElo "2186"]
[PlyCount "46"]
[EventDate "2012.04.14"]
[EventType "swiss"]
[EventRounds "9"]
[EventCountry "GER"]
[SourceTitle "EXT 2019"]
[Source "ChessBase"]
[SourceDate "2018.10.10"]
[SourceVersion "1"]
[SourceVersionDate "2018.10.10"]
[SourceQuality "1"]

1. Nf3 Nf6 2. b3 g6 3. Bb2 Bg7 4. g3 d6 5. Bg2 c5 6. c4 Nc6 7. 0-0 e5 8. Nc3 0-0 9. d3 h6 10. h3 Kh7 11. Rb1 Be6 12. Kh2 Qd7 13. Ng1 Nh5 14. e3 f5 15. f4 Rae8 16. Qd2 g5 17. Bd5 Ne7 18. Bxe6 Qxe6 19. Nce2 d5 20. Nf3 exf4 21. exf4 Ng6 22. Rfe1 Bxb2 23. Qxb2 d4 0-1

[Event "GER-chT Seniors 20th"]
[Site "Gladenbach"]
[Date "2011.09.14"]
[Round "4.2"]
[White "Liebscher, Helmar"]
[Black "Franck, Rudolf"]
[Result "1-0"]
[WhiteElo "1987"]
[BlackElo "2042"]
[PlyCount "103"]
[EventDate "2011.09.11"]
[EventType "team-swiss"]
[EventRounds "7"]
[EventCountry "GER"]
[SourceTitle "CBM 144 Extra"]
[Source "ChessBase"]
[SourceDate "2011.10.28"]
[SourceVersion "1"]
[SourceVersionDate "2011.10.28"]
[SourceQuality "1"]
[WhiteTeam "Sachsen Anhalt II"]
[BlackTeam "Wuerttemberg II"]
[WhiteTeamCountry "GER"]
[BlackTeamCountry "GER"]

1. e4 d6 2. d4 f5 3. exf5 Bxf5 4. Qf3 Qc8 5. Bc4 Nf6 6. Nh3 Bxc2 7. Ng5 d5 8. Bxd5 Nxd5 9. Qf7+ Kd8 10. Qxd5+ Ke8 11. Qf7+ Kd8 12. Ne6+ Kd7 13. Bg5 Na6 14. Na3 Bg6 15. Nxf8+ Qxf8 16. Qd5+ Kc8 17. Qe6+ Kd8 18. 0-0 Bf7 19. Qe5 h6 20. Bf4 c6 21. b4 e6 22. b5 cxb5 23. Nxb5 g5 24. Nd6 Ke7 25. Bg3 Rd8 26. Rfe1 Rh7 27. Qe4 Rxd6 28. Bxd6+ Kxd6 29. Qxh7 Nc7 30. Qe4 Nd5 31. Rab1 b6 32. Rbc1 Kd7 33. Qc2 Qa8 34. Qh7 Qf8 35. Re5 Kd6 36. h3 Nf6 37. Qc2 Qd8 38. Qc6+ Ke7 39. Qc7+ Qd7 40. g3 Nd5 41. Qc4 Bg6 42. Rce1 Nc7 43. d5 Bf7 44. a4 Kf6 45. Qc3 Ke7 46. Qb4+ Qd6 47. Qb3 Kf6 48. Qc3 Ke7 49. Qd4 Qd8 50. h4 gxh4 51. Qxh4+ Kd7 52. dxe6+ 1-0

[Event "Hessen-ch Seniors op 07th"]
[Site "Bad Sooden-Allendorf"]
[Date "2011.05.02"]
[Round "3"]
[White "Franck, Rudolf"]
[Black "Haase, Wolfgang"]
[Result "1-0"]
[WhiteElo "2084"]
[BlackElo "1948"]
[PlyCount "71"]
[EventDate "2011.04.30"]
[EventType "swiss"]
[EventRounds "9"]
[EventCountry "GER"]
[SourceTitle "EXT 2012"]
[Source "ChessBase"]
[SourceDate "2011.11.24"]
[SourceVersion "1"]
[SourceVersionDate "2011.11.24"]
[SourceQuality "1"]

1. d4 c5 2. d5 d6 3. e4 e5 4. Nc3 Ne7 5. f4 exf4 6. Bxf4 Ng6 7. Bg3 Be7 8. Nf3 Bg4 9. Be2 Nd7 10. 0-0 0-0 11. Qd2 a6 12. a4 Bxf3 13. gxf3 f5 14. f4 Bh4 15. exf5 Rxf5 16. Bg4 Rf8 17. a5 Bf6 18. Na4 Ra7 19. Bxd7 Qxd7 20. Nb6 Qb5 21. c3 Ne7 22. f5 Nc8 23. Nxc8 Rxc8 24. Bxd6 b6 25. axb6 Qxb6 26. Bg3 Rd7 27. d6 c4+ 28. Rf2 Qc6 29. Rd1 Bd8 30. Re2 Bb6+ 31. Bf2 Rcd8 32. Bxb6 Qxb6+ 33. Qd4 Qb5 34. Re5 Rxd6 35. Rxb5 Rxd4 36. Rxd4 1-0

[Event "Hessen-ch Seniors op 07th"]
[Site "Bad Sooden-Allendorf"]
[Date "2011.05.01"]
[Round "2"]
[White "Klein, Klaus"]
[Black "Franck, Rudolf"]
[Result "0-1"]
[WhiteElo "1846"]
[BlackElo "2084"]
[PlyCount "45"]
[EventDate "2011.04.30"]
[EventType "swiss"]
[EventRounds "9"]
[EventCountry "GER"]
[SourceTitle "EXT 2012"]
[Source "ChessBase"]
[SourceDate "2011.11.24"]
[SourceVersion "1"]
[SourceVersionDate "2011.11.24"]
[SourceQuality "1"]

1. e4 e5 2. Nf3 Nf6 3. Nxe5 Qe7 4. Nf3 Nxe4 5. Qe2 d5 6. d3 Nd6 7. Bg5 f6 8. Bf4 Bg4 9. Qxe7+ Bxe7 10. Be2 Nd7 11. Nbd2 0-0-0 12. 0-0-0 Rde8 13. Nd4 Bxe2 14. Nxe2 g5 15. Bg3 Nf5 16. d4 h5 17. h3 h4 18. Bh2 Bd6 19. Bxd6 Rxe2 20. Rhf1 Nxd6 21. Rde1 Rhe8 22. Kd1 Rxe1+ 23. Rxe1 0-1

[Event "GER-chT Seniors 19th"]
[Site "Eckernfoerde"]
[Date "2010.09.19"]
[Round "7.2"]
[White "Maahs, Erich"]
[Black "Franck, Rudolf"]
[Result "0-1"]
[WhiteElo "2053"]
[BlackElo "2069"]
[PlyCount "52"]
[EventDate "2010.09.13"]
[EventType "team-swiss"]
[EventRounds "7"]
[EventCountry "GER"]
[SourceTitle "EXT 2011"]
[Source "ChessBase"]
[SourceDate "2010.11.26"]
[SourceVersion "1"]
[SourceVersionDate "2010.11.26"]
[SourceQuality "1"]
[WhiteTeam "Hamburg"]
[BlackTeam "Wuerttemberg II"]
[WhiteTeamCountry "GER"]
[BlackTeamCountry "GER"]

1. e4 d6 2. d4 Nf6 3. Nc3 g6 4. f4 Bg7 5. Nf3 0-0 6. Be3 c5 7. Bc4 Ng4 8. Bg1 Qa5 9. Qd2 cxd4 10. Nxd4 Nc6 11. h3 Qb4 12. Nxc6 bxc6 13. Bd4 e5 14. fxe5 dxe5 15. Bg1 Qxc4 16. hxg4 Bxg4 17. Qg5 h5 18. Qe3 Rfd8 19. Qc5 Qa6 20. g3 Bf8 21. Qe3 Rd7 22. Rh2 Rad8 23. a3 Kh7 24. Qg5 Bh6 25. Qf6 Kg8 26. b4 Qc4 0-1